| 000 | 01045nam a2200313 i 4500 | ||
|---|---|---|---|
| 003 | DO-SdBNP | ||
| 005 | 20250506092830.0 | ||
| 007 | ta | ||
| 008 | 250506b1984 dr ||||| |||| 00| 0 spa d | ||
| 020 | _a968161612X | ||
| 040 |
_aDO-SdBNP _bspa _cBNPHU _erda |
||
| 041 | _hspa | ||
| 082 | 4 |
_a972.9301 _bO77d _222 |
|
| 100 |
_4Ortwin Sauer, Carl _eautor |
||
| 245 | 1 | 0 |
_aDescubrimiento y dominación Española del Caribe / _cCarl Ortwin Sauer ; traducción, Stella Mastrangelo |
| 250 | _aPrimera edición en español | ||
| 264 | 1 |
_aMéxico : _bFondo de Cultura Económica, _c1984. |
|
| 300 |
_a453 páginas : _bmapas ; _c23 cm. |
||
| 336 |
_2rdacontent _atexto _btxt |
||
| 337 |
_2rdamedia _amediación _bn |
||
| 338 |
_2rdacarrier _avolumen _bnc |
||
| 500 | _aIncluye referencias bibliográficas y notas al pie de las páginas | ||
| 500 | _aIncluye índices | ||
| 590 | _aInventariado, 2025/DG | ||
| 650 | 4 |
_aRepública Dominicana _xHistoria _9416 |
|
| 700 | 1 |
_aMastrangelo, Stella, _etraducción _947249 |
|
| 910 | _aDG | ||
| 942 |
_2ddc _cLBS1 |
||
| 999 |
_c58930 _d58930 |
||